000 00442nam a2200193Ia 4500
005 20240823054045.0
008 240823s9999||||xx |||||||||||||| ||und||
020 _a978-938-3581-07-8
041 _aENGLISH
082 _A833.912 Q4
100 _aNagarajan V et al.
245 0 _aSix Short Stories
250 _a1st
260 _c2014
_bHarrows Publica
500 _aYES
650 _aGeneral
_bGeneral
942 _cBK
999 _c225574
_d225574